000 00550nam a2200181Ia 4500
008 240925s9999 xx 000 0 und d
020 _a8177589032
082 _a004.165 MAZ
100 _aMazidi, Muhammad Ali
245 4 _aThe 8051 Microcontroller and Embedded Systems: using assembly and C
250 _a2nd
260 _aNew Delhi:
_bPearson Education
_c,2006.
300 _axx,636p.
_bNA
_fPhotocopy
500 _aIncludes Index
600 _aEngineering Technology
650 _aComputer science, information & general works
942 _cBK
999 _c10015
_d10015